00493nam a22001577a 450000500170000001000120001702000260002903700230005508200080007810000180008624500910010426000320019527000680022730000200029570000200031520260301155459.0 aBACEN26 a9788197808036c800.00 bVrinda Publication a000 aPratap, Gagan aSSC Maths: The Complete Coaching 8000+TCS MCQ /cby Gagan Pratap [and] Manvendra Singh aDelhibChampion Publication k7351553388aJaina Extension, Dr. Mukherjee NagarbDelhie110009 a998p.c28cm(pb) aManvendra Singh